000 00278nam a22001097a 4500
082 _aP-157
_bP-157
100 _aM. Shadab Lodhi
_947512
245 _aHighway project
_cM. Shadab Lodhi, Javed Iqbal
526 _a0
_b0
_c0
_dP_157_P157
650 _aProject
_947513
942 _2ddc
_cBK
999 _c550742
_d550742